Objekte des Sonnensystems nach Bild - Statistiken

Allgemein
  • Dieses Quiz wurde 275 mal gespielt
  • Das Durchschnittsergebnis liegt bei 10 aus 15
Antwortstatistiken
Bildquiz Antwort % Korrekt
Mond
97%
Erde
96%
Saturn
93%
Neptun
92%
Sonne
92%
Mars
90%
Jupiter
88%
Venus
87%
Uranus
79%
Pluto
57%
Merkur
55%
Io
37%
Titan
30%
Phobos
21%
Ceres
17%
Keine übereinstimmenden Quizze gefunden
Verteilung der Resultate
Anzahl Personen mit jedem Resultat
Perzentil nach korrekt beantworteten Fragen
Ihre Resultats-Entwicklung
Sie haben dieses Quiz noch nicht gespielt